00000000nas##2200000za#4500
0019.504677
003CaOODSP
00520200331212534
007cr |||||||||||
008150406c2002||||xxc|| p o||||f|   |0eng|d
040 |aCaOODSP|beng
043 |an-cn---
0861 |aP60-4/1E-IN
1101 |aCanada. |bPublic Works and Government Services Canada.
24510|aStandard acquisition clauses and conditions manual / |h[electronic resource]|cPrepared by Operational Policy Directorate.
260 |aOttawa - Ontario : |bPublic Works and Government Services Canada
310 |aIrregular
500 |aOther title: SACC manual.
500 |aLater issues are available under catalogue number P26-2E-PDF.
77508|tClauses et conditions uniformisées d'achat / |w(CaOODSP)9.501090
7760#|tStandard acquisition clauses and conditions / |w(CaOODSP)9.515064
78500|tStandard acquisition clauses and conditions (SACC) / |w(CaOODSP)9.504970